Louise Brooks : (Record no. 214)
[ view plain ]
| 000 -LEADER | |
|---|---|
| fixed length control field | 01225cam a2200349 a 4500 |
| 001 - CONTROL NUMBER | |
| control field | 4268750 |
| 005 - DATE AND TIME OF LATEST TRANSACTION | |
| control field | 20200421093822.0 |
| 008 - FIXED-LENGTH DATA ELEMENTS--GENERAL INFORMATION | |
| fixed length control field | 060508s2006 nyua bq 000 0beng d |
| 010 ## - LIBRARY OF CONGRESS CONTROL NUMBER | |
| LC control number | 2006927100 |
| 020 ## - INTERNATIONAL STANDARD BOOK NUMBER | |
| International Standard Book Number | 0847828662 |
| 020 ## - INTERNATIONAL STANDARD BOOK NUMBER | |
| International Standard Book Number | 9780847828661 |
| 035 ## - SYSTEM CONTROL NUMBER | |
| System control number | (OCoLC)ocm75455464 |
| 035 ## - SYSTEM CONTROL NUMBER | |
| System control number | (OCoLC)75455464 |
| 040 ## - CATALOGING SOURCE | |
| Original cataloging agency | IG# |
| Transcribing agency | IG# |
| Modifying agency | DLC |
| -- | BAKER |
| -- | SUC |
| -- | YDXCP |
| -- | IXA |
| -- | BTCTA |
| -- | VRC |
| -- | OCLCG |
| -- | NLE |
| 042 ## - AUTHENTICATION CODE | |
| Authentication code | lccopycat |
| 043 ## - GEOGRAPHIC AREA CODE | |
| Geographic area code | n-us--- |
| 049 ## - LOCAL HOLDINGS (OCLC) | |
| Holding library | NLES |
| 050 00 - LIBRARY OF CONGRESS CALL NUMBER | |
| Classification number | PN2287.B694 |
| Item number | C68 2006 |
| 082 04 - DEWEY DECIMAL CLASSIFICATION NUMBER | |
| Classification number | 791.4302/8092 |
| -- | B |
| Edition information | 22 |
| 100 1# - MAIN ENTRY--PERSONAL NAME | |
| Personal name | Cowie, Peter. |
| 9 (RLIN) | 453 |
| 245 10 - TITLE STATEMENT | |
| Title | Louise Brooks : |
| Remainder of title | Lulu forever / |
| Statement of responsibility, etc. | by Peter Cowie. |
| 246 30 - VARYING FORM OF TITLE | |
| Title proper/short title | Lulu forever |
| 260 ## - PUBLICATION, DISTRIBUTION, ETC. | |
| Place of publication, distribution, etc. | New York, N.Y. : |
| Name of publisher, distributor, etc. | Rizzoli, |
| Date of publication, distribution, etc. | 2006. |
| 300 ## - PHYSICAL DESCRIPTION | |
| Extent | 256 p. : |
| Other physical details | ill. ; |
| Dimensions | 33 cm. |
| 504 ## - BIBLIOGRAPHY, ETC. NOTE | |
| Bibliography, etc. note | Filmography: p. 239-245. |
| 504 ## - BIBLIOGRAPHY, ETC. NOTE | |
| Bibliography, etc. note | Includes bibliographical references (p. 250-253). |
| 600 10 - SUBJECT ADDED ENTRY--PERSONAL NAME | |
| Personal name | Brooks, Louise, |
| Dates associated with a name | 1906-1985. |
| 650 #0 - SUBJECT ADDED ENTRY--TOPICAL TERM | |
| Topical term or geographic name entry element | Motion picture actors and actresses |
| Geographic subdivision | United States |
| Form subdivision | Biography. |
| 856 42 - ELECTRONIC LOCATION AND ACCESS | |
| Materials specified | Contributor biographical information |
| Uniform Resource Identifier | <a href="http://www.loc.gov/catdir/enhancements/fy0661/2006927100-b.html">http://www.loc.gov/catdir/enhancements/fy0661/2006927100-b.html</a> |
| 856 42 - ELECTRONIC LOCATION AND ACCESS | |
| Materials specified | Publisher description |
| Uniform Resource Identifier | <a href="http://www.loc.gov/catdir/enhancements/fy0661/2006927100-d.html">http://www.loc.gov/catdir/enhancements/fy0661/2006927100-d.html</a> |
| 942 ## - ADDED ENTRY ELEMENTS (KOHA) | |
| Source of classification or shelving scheme | Dewey Decimal Classification |
| Koha item type | Books |
| Withdrawn status | Lost status | Damaged status | Not for loan | Collection | Home library | Current library | Shelving location | Date acquired | Barcode | Date last seen | Price effective from | Koha item type |
|---|---|---|---|---|---|---|---|---|---|---|---|---|
| Reference | Centerville | Centerville | General stacks | 09/04/2014 | 39999000009255 | 09/04/2014 | 09/04/2014 | Books | ||||
| Reference | Fairview | Fairview | General stacks | 09/04/2014 | 39999000009279 | 09/04/2014 | 09/04/2014 | Books |